La compensación económica en el divorcio y la nulidad matrimonial
Збережено в:
| Автор: | |
|---|---|
| Формат: | Книга |
| Мова: | Іспанська |
| Опубліковано: |
Santiago
Jurídica de Chile
2012
|
| Редагування: | 1a. ed |
| Предмети: | |
| Теги: |
Додати тег
Немає тегів, Будьте першим, хто поставить тег для цього запису!
|
MARC
| LEADER | 00000cam a2200000 a 4500 | ||
|---|---|---|---|
| 001 | UCF2111 | ||
| 003 | CL-VaPUC | ||
| 008 | 120810e20120000CL |||||||||||||||||spa|d | ||
| 020 | |a 97895622249 | ||
| 082 | 0 | 4 | |a 346.0166 |b GON |2 21 |
| 100 | |a González Castillo, Joel |e author |9 739861 | ||
| 245 | 1 | 3 | |a La compensación económica en el divorcio y la nulidad matrimonial |
| 250 | |a 1a. ed | ||
| 300 | |a 172 p | ||
| 942 | |c BK | ||
| 945 | |d 20120810 00:00:00 |a dcastane | ||
| 260 | |a Santiago |b Jurídica de Chile |c 2012 | ||
| 650 | 0 | |a Nulidad Derecho |9 256153 | |
| 650 | 0 | |a Procedimiento civil |9 254870 | |
| 650 | 0 | |a Actos jurídicos |9 255748 | |
| 650 | 0 | |a Separación conyugal |9 257481 | |
| 650 | 0 | |a Divorcio |9 256204 | |
| 650 | 0 | |a Nulidad matrimonial |9 399857 | |
| 650 | 0 | |a Compensación económica |9 522559 | |
| 583 | |a last modification |c 20120810 11:35:00 |k Rodrigo Vera | ||
| 999 | |c 348762 |d 348760 | ||
| 952 | |0 0 |1 0 |4 0 |6 346_016600000000000_GON_2012 |7 0 |8 A |9 450933 |a BIBDER |b BIBDER |d 2019-11-22 |i 4890639 |o 346.0166 GON 2012 |p 4890639 |r 2023-01-25 |w 2019-11-22 |y BK |k DER | ||